<?xml version="1.0" encoding="UTF-8"?>
<collection xmlns="http://www.loc.gov/MARC21/slim">
 <record>
  <leader>     na                 </leader>
  <controlfield tag="001">INLIS000000000021308</controlfield>
  <controlfield tag="005">20260203095142</controlfield>
  <datafield tag="035" ind1=" " ind2=" ">
   <subfield code="a">0010-0623000056</subfield>
  </datafield>
  <controlfield tag="007">ta</controlfield>
  <controlfield tag="008">260203                b          0 ind  </controlfield>
  <datafield tag="100" ind1="0" ind2=" ">
   <subfield code="a">Moch Taufik Prabawa</subfield>
   <subfield code="e">Pengarang</subfield>
  </datafield>
  <datafield tag="245" ind1="1" ind2=" ">
   <subfield code="a">Disgrafia</subfield>
  </datafield>
  <datafield tag="250" ind1=" " ind2=" ">
   <subfield code="a">Cetakan 1</subfield>
  </datafield>
  <datafield tag="300" ind1=" " ind2=" ">
   <subfield code="a">78 halaman ;</subfield>
   <subfield code="c">21 cm</subfield>
  </datafield>
  <datafield tag="020" ind1=" " ind2=" ">
   <subfield code="a">978-602-98185-3-6</subfield>
  </datafield>
  <datafield tag="082" ind1=" " ind2=" ">
   <subfield code="a">153.861 928</subfield>
  </datafield>
  <datafield tag="084" ind1=" " ind2=" ">
   <subfield code="a">153.861 928 MOC d</subfield>
  </datafield>
  <datafield tag="240" ind1=" " ind2=" ">
   <subfield code="a">Kisah-Kisah Motivasi untuk Anak Berkebutuhan Khusus</subfield>
  </datafield>
  <datafield tag="264" ind1=" " ind2=" ">
   <subfield code="a">Yogyakarta :</subfield>
   <subfield code="b">Javalitera,</subfield>
   <subfield code="c">2020</subfield>
  </datafield>
  <datafield tag="336" ind1=" " ind2=" ">
   <subfield code="2">rdacontent</subfield>
   <subfield code="a">Teks</subfield>
  </datafield>
  <datafield tag="337" ind1=" " ind2=" ">
   <subfield code="2">rdamedia</subfield>
   <subfield code="a">Tanpa Perantara</subfield>
  </datafield>
  <datafield tag="338" ind1=" " ind2=" ">
   <subfield code="2">rdacarrier</subfield>
   <subfield code="a">Lembar</subfield>
  </datafield>
  <datafield tag="504" ind1=" " ind2=" ">
   <subfield code="a">71 halaman</subfield>
  </datafield>
  <datafield tag="505" ind1=" " ind2=" ">
   <subfield code="a">Sahabat Pena 11&#13;
Bu Indah Yang Baik 15&#13;
Hari Ibu 21&#13;
Kartu Ulang Tahun 27&#13;
Kupon hadiah 33&#13;
Lomba Mengarang 37&#13;
Surat Rahsia 43&#13;
Doa Untuk Maya 49&#13;
Mug Cantik 55&#13;
Buku Harian Arini 61&#13;
Persahabatan Yang Indah 67</subfield>
  </datafield>
  <datafield tag="520" ind1=" " ind2=" ">
   <subfield code="a">Bagi anak-anak yang tidak memiliki hambatan, belajar menulis tidak menjadi masalah. Sebagian dari mereka telah dapat menulis sejak duduk di bangku TK akhir atau SD Kelas 1 awal.&#13;
Hanya saja, tidak semua anak bisa menguasai kemampuan menulis dengan mudah. Ada anak-anak yang memiliki hambatan dalam belajar menulis. Mereka mengalami kesulitan belajar menulis. Kesulitan belajar menulis ini disebut dengan disgrafia.&#13;
Anak-anak penderita disgrafia membutuhkan bantuan untuk mengatasi hambatan yang dihadapinya. Salah satu yang sangat mereka butuhkan adalah motivasi yang tinggi untuk terus mau belajar.&#13;
Buku ini berisi kumpulan cerita yang memuat kisah-kisah pembangun motivasi anak-anak penyandang disgrafia. Melalui cerita- cerita dalam buku ini, anak penyandang disgrafia dimotivasi agar senantiasa bersemangat belajar menulis. Sebab, menulis merupakan kemampuan sangat penting yang harus mereka kuasai.</subfield>
  </datafield>
  <datafield tag="650" ind1=" " ind2="4">
   <subfield code="a">Motivasi</subfield>
  </datafield>
  <datafield tag="650" ind1=" " ind2="4">
   <subfield code="a">Neurologi</subfield>
  </datafield>
  <datafield tag="700" ind1="0" ind2=" ">
   <subfield code="a">Irfan</subfield>
   <subfield code="e">Penyunting</subfield>
  </datafield>
  <datafield tag="990" ind1=" " ind2=" ">
   <subfield code="a">075152</subfield>
  </datafield>
  <datafield tag="990" ind1=" " ind2=" ">
   <subfield code="a">075153</subfield>
  </datafield>
  <datafield tag="990" ind1=" " ind2=" ">
   <subfield code="a">075154</subfield>
  </datafield>
 </record>
</collection>
